Statistics for Capitals with No Consecutive Vowels or Consonants

Click here to take the quiz!

General Stats

  • This quiz has been taken 225 times
  • The average score is 31 of 44

Answer Stats

% Correct
Rome
90%
Paris
87%
Lima
86%
Riga
83%
Bogotá
80%
Doha
80%
Suva
80%
Tunis
80%
Caracas
79%
Havana
79%
Lomé
79%
Rabat
79%
Abuja
78%
Juba
77%
Dakar
76%
Manila
76%
Yerevan
74%
Dili
73%
Maputo
73%
Paramaribo
73%
Vaduz
72%
Malé
71%
Baku
69%
Bamako
69%
Monaco
69%
Kabul
68%
Dodoma
67%
Harare
67%
Jerusalem
67%
La Paz
67%
Lusaka
67%
Manama
66%
Yaren
64%
Sarajevo
63%
Tirana
63%
Kigali
62%
Malabo
61%
Maseru
61%
Majuro
60%
Funafuti
58%
Gaborone
58%
Palikir
57%
Gitega
54%
Moroni
51%

Score Distribution

Percentile by Number Answered

Percent of People with Each Score

Your Score History

You have not taken this quiz